| 000 | 01421cam a2200361 a 4500 | ||
|---|---|---|---|
| 001 | 15035176 | ||
| 005 | 20170105102842.0 | ||
| 008 | 071005s2009 cauab b 001 0 eng | ||
| 010 | _a 2007938836 | ||
| 020 | _a9780534624484 | ||
| 020 | _a0534624480 | ||
| 040 |
_aDLC _cDLC _dDLC |
||
| 043 | _an-us--- | ||
| 050 | 0 | 0 |
_aHV6431 _b.W484 2009 |
| 082 | 0 | 0 |
_a363.325 _222 |
| 100 | 1 | _aWhite, Jonathan Randall. | |
| 245 | 1 | 0 |
_aTerrorism and homeland security / _cJonathan R. White. |
| 250 | _a6th ed. | ||
| 260 |
_aBelmont, CA : _bWadsworth Cengage Learning, _cc2009. |
||
| 300 |
_axxii, 566 p. : _bill., maps ; _c25 cm. |
||
| 504 | _aIncludes bibliographical references (p. 505-550) and index. | ||
| 650 | 0 |
_aTerrorism _zUnited States _xPrevention. |
|
| 650 | 0 |
_aNational security _zUnited States. |
|
| 650 | 0 |
_aCivil defense _zUnited States. |
|
| 650 | 0 |
_aLaw enforcement _zUnited States. |
|
| 856 | 4 | 2 |
_3Contributor biographical information _uhttp://www.loc.gov/catdir/enhancements/fy1304/2007938836-b.html |
| 856 | 4 | 2 |
_3Publisher description _uhttp://www.loc.gov/catdir/enhancements/fy1304/2007938836-d.html |
| 856 | 4 | 1 |
_3Table of contents only _uhttp://www.loc.gov/catdir/enhancements/fy1304/2007938836-t.html |
| 906 |
_a7 _bcbc _corigcop _d1 _eepcn _f20 _gy-gencatlg |
||
| 942 |
_2ddc _cBK |
||
| 999 |
_c13925 _d13925 |
||